000 00276nam a2200121 i 4500
001 bg
245 0 _aVycislitel'naja i prikladnaja matematika.Vyp.30.
260 _aKiew,
_c1976.
040 _cBPK
041 _apol
942 _cKS
008 s pl f |000 0 pol
999 _c17233
_d17233